Využití (mobile) BI v bankovnictví

Nástroje BI a zdroje analytických informácií DWH (data warehouse) alebo ODS (operational data store). Mobilné BI aplikácie a ich použitie v SW typoch. Bankové pobočky a nové aplikácie s využitím HW v infraštruktúre IT.

Salvato in:
Dettagli Bibliografici
Autore principale: Mizera, Jiří
Natura: Capitolo di libro
Lingua:ceco
Soggetti:
Tags: Aggiungi Tag
Nessun Tag, puoi essere il primo ad aggiungerne!!

MARC

LEADER 00000naa a2200000 4500
001 0134560
005 20231129094007.9
041 0 |a cze 
044 |a CZ 
245 1 0 |a Využití (mobile) BI v bankovnictví  |c Jiří Mizera 
520 |a Nástroje BI a zdroje analytických informácií DWH (data warehouse) alebo ODS (operational data store). Mobilné BI aplikácie a ich použitie v SW typoch. Bankové pobočky a nové aplikácie s využitím HW v infraštruktúre IT. 
610 2 0 |a banky 
610 2 0 |a bankovníctvo 
610 2 0 |a bankovníctvo elektronické 
610 2 0 |a služby bankové 
610 2 0 |a služby finančné 
610 2 0 |a systémy informačné integrované 
610 2 0 |a technológie informačné 
610 2 0 |a technológie komunikačné 
100 1 |a Mizera, Jiří